Quizzes
Events
Quiz Creation
Community
Videos
Private Events
Remove Ads
Sign In
Join for FREE
Feedback
Dark Mode
Quiz Categories
Sports
Geography
Music
Movies
Television
Just For Fun
Miscellaneous
History
Literature
Language
Science
Gaming
Entertainment
Religion
Holiday
For Kids
Quiz Lab
Recent
Popular Today
Quiz Kudos Today
Editor Picks
Curator Picks
Quizzes by...
Day
Popularity
Type
Ratings
Length
Year
Community
Subscriptions
Recent Discussions
Orange Saloon
Badges
Playlists
Quests
Create
Leaderboards
Showdown
Live 5
Trivia Bingo
Activity
Puzzle Library
Sporcle Events
Private Events
Virtual Trivia
Globe League
Become a Host
Pub Owners
SporcleCon
Opinionation
Our Games
Videos
Blog
Mobile Apps
Partnerships
Remove Ads and Go Orange
Feedback
Sports
Athletes
MLB
NBA
NHL
NFL
Soccer
Sports Teams
WWE
NCAA
Football
Premier League
Basketball
Baseball
Hockey
Golf
Tennis
Cricket
Rugby
Auto Racing
Olympics
World Cup
Sports
Athletes
MLB
NBA
NHL
NFL
Soccer
Sports Teams
WWE
NCAA
Football
Premier League
Basketball
Baseball
Hockey
Golf
Tennis
Cricket
Rugby
Auto Racing
Olympics
World Cup
Random Quiz
Search Sporcle
×
Quiz Lab
Quiz Lab
Sports
NBA
Click on regions of an image
Click on regions of an image
Picture Click
Best Score? Go Orange.
NBA Guess The Season [ML3] Stats
Can you guess the season based on these unique pictures?
By
ML3thebeast
10m
20 Questions
54 Plays
54 Plays
54 Plays
Comments
Comments
Give Quiz Kudos
Give Quiz Kudos
-
- Ratings
hide this ad
Forced Order
Answers have to be entered in order
Answers have to be entered in order
No Peeking
Image is hidden before quiz starts
Image is hidden before quiz starts
Replay
Link that replays current quiz
Next Quiz
Link to next quiz in quiz playlist
You Got
0%
They Got
Avg Score
38%
Avg Friend Score
Upgrade to see
Score Distribution
Jump to the score distribution portion of the page
Score
0/20
Timer
10:00
0
Plays Today
% Correct
2015-16 NBA Season - In KG's final year, he was teammates with KAT during his rookie year.
61.1%
2016-17 NBA Season - Butler and Wade were teammates for only one season, as Butler got traded to Minnesota during the offseason.
61.1%
2007-08 NBA Season - Rookie Durant only played in Seattle for one year, as they moved to Oklahoma City the following season.
57.4%
1997-98 NBA Season - Rookie Duncan vs Jordan in his final year in Chicago.
46.3%
2003-04 NBA Season - Malone's final year, playing for the Lakers.
42.6%
2009-10 NBA Season - Rookie Steph donned those Warriors jerseys for just his rookie year.
42.6%
2010-11 NBA Season - LeBron's first year in Miami was CP3's final year in New Orleans.
42.6%
1998-99 NBA Season - Pippen's 1-year stint with Houston.
40.7%
2013-14 NBA Season - Paul Pierce was a Net for just one season, moving to Washington the following year.
40.7%
2002-03 NBA Season - Rookie Yao vs Jordan in his final season.
38.9%
% Correct
2011-12 NBA Season - Linsanity erupted in 2012, the only season where Jeremy Lin was a Knick.
38.9%
2005-06 NBA Season - Chris Paul and JR Smith were teammates for only one season, as Smith moved to Denver the following season.
37%
2012-13 NBA Season - Rookie AD donned those Hornets jerseys for just his rookie year as the franchise changed their name to the New Orleans Pelicans the following season.
37%
2014-15 NBA Season - Isaiah Thomas was a Sun for half a season, getting traded to Boston during the 2015 trade deadline.
35.2%
2001-02 NBA Season - Patrick Ewing's 1-year stint with Orlando, retiring shortly after.
33.3%
2004-05 NBA Season - Stephen Jackson and Reggie Miller were teammates for only one year, as Miller retired the following season.
29.6%
2006-07 NBA Season - Jason Richardson and Stephen Jackson were teammates for half a season during the We Believe run; Richardson was traded to Charlotte the following season.
24.1%
2000-01 NBA Season - Patrick Ewing's 1-year stint with Seattle.
22.2%
1999-2000 NBA Season - Dennis Rodman's 1-year stint with Dallas.
20.4%
2008-09 NBA Season - Stephon Marbury joined the Celtics, only playing in Boston for that season.
20.4%
Quiz Playlist
Details
Report
Send in Message
Add To Playlist
Picture Click:
Click on regions of an image
Forced Order:
Answers have to be entered in order
No Peeking:
Image is hidden before quiz starts
Last Updated: Jul 30, 2017
Quiz Scoreboard
CHALLENGE
Sign Up to Join the Scoreboard
Show All
Scores
Hide
Comments
May contain spoilers
Recently Published
Presidents Visiting Landmarks
by Hejman
History
7m
An Introduction to Baseball
by treessimontrees
Sports
5m
Movies - When Are They Set?
by FPL_Elf
Movies
5m
More to Explore
Quiz From the Vault
Featured Blog Post
Where Did the Easter Bunny Come From?
hide this ad
You Might Also Like...
Tags
Basketball Quiz
NBA Quiz
Chain Game
Curry
hard
KOT4Q
LeBron
LeBron James
Michael Jordan
NBA Draft
NBA Playoffs
NBA Points
Today's Top Quizzes in Sports
Browse Sports
hide this ad
Today's Top Quizzes in NBA
Browse NBA
Top Contributed Quizzes in Sports
1
Les meilleurs buteurs des matchs entre le PSG et l’OM
2
2022 World Cup Stars
3
FIFA Club World Cup Champions
4
Les entraîneurs de l'OM et du PSG au 21e siècle
5
Name the Premier League winners with different clubs
6
La finale Lions - Afrique du Sud 2021
7
5-to-1: UK Sports Teams
8
England Test cricketers to play under Nasser Hussain
9
Players with Multiple 50 Home Run Seasons
10
AFC Teams Reveal (Wrong Answers Minefield)
Explore More
Trending Topics
Crossword
Kpop
Harry Potter
NBA
Marvel
Anime
Disney
Puzzle
Song
NFL
WWE
Country
Soccer
The Office
Pokémon
hide this ad
More By:
ML3thebeast
Quiz
Plays
Rating
Category
Featured
Created
Logic Puzzle: Dubs Dynasty Edition
3,316
3.83
Sports
Oct 1, 2022
NBA Super Chain Game [ML3]
627
3.00
Sports
Jul 29, 2017
NBA Guess The Season [ML3]
54
3.00
Sports
Jul 30, 2017
Go to Creator's Profile
Score Distribution
Quiz Creator Spotlight
ML3thebeast
Follow
Send a Message
Quizzes Created
-
Created Quiz Play Count
-
More By This Creator
Popular Quizzes Today
1
Find the US States - No Outlines Minefield
2
Find the Countries of Europe - No Outlines Minefield
3
The Countries of the World
4
Find the US States
5
Popular People in 1961
6
US States
7
Risky Map Clicking: Biggest States A-Z
8
Movies - When Are They Set?
More Sports Quizzes
32 Pics in 60: NFL Logos
Published
Trending Quizzes
Risky Map Clicking: Least Populous States A-Z
1-10 Letter G Words
1-10 Letter F Words
Risky Map Clicking: Next State Alphabetically
Risky Map Clicking: Biggest States A-Z
Recently Updated
Leaping Animals
pecheneg
Reality TV Shows (A-Z)
bhenderson79
Rickey Henderson's Hall of Fame Teammates
pecheneg
Champions League XIs: Arsenal
pecheneg
Quick Pick: Celebrities in WWE's Hall of Fame
aduchscher
A-Z Keypad Blitz II
pecheneg
Multiple Oscar Actors
pecheneg
Mystery Phrase Blitz: Oscar 'Best Actors'
pecheneg
F. Scott Fitzgerald Novels
LTH
Pick 3 Villains
ddd62291
Trending Topics
Anime
NBA
Disney
Harry Potter
Crossword
Kpop
Marvel
NFL
Song
Country
Soccer
Puzzle
WWE
Pokémon
The Office
Your Account Isn't Verified!
In order to create a playlist on Sporcle, you need to verify the email address you used during registration. Go to your
Sporcle Settings
to finish the process.
Report this User
Report this user for behavior that violates our
Community Guidelines
.
Details:
Send Report
Go to the Sporcle.com Mobile Site →
Comments